000 00499nam a22001937a 4500
003 KOHA_MİRAKIL
005 20251013100916.0
008 251013b tu ||||| |||| 00| 0 tur d
020 _a9786052498606
040 _aTR-AnABB
_btur
_cTR-AnABB
041 _atur
082 _a193
_bDEİ 2020
100 1 _aDeiDa,
245 1 0 _aAborizma /
_cDeiDa
260 _aAnkara :
_bDorlion Yayınları,
_c2020
300 _a117 sayfa ;
_c21 cm
650 0 4 _aAlman edebiyatı, roman
942 _2ddc
_cBK
999 _c9126
_d9126
900 _bGizem YORULMAZ